Z jakiego kraju pochodzi ta potrawa? - Statystyki

Ogólne statystyki
  • Ten quiz został rozwiązany 787 razy
  • Średni wynik to 7 z 15
Statystyki odpowiedzi
Danie Kraj % Poprawnych
Gulasz węgierski Węgry
96%
Barszcz ukraiński Ukraina
94%
Kimchi Korea Południowa
70%
Sunday roast Wielka Brytania
64%
Poutine Kanada
53%
Feijoada Brazylia
51%
Musaka Grecja
51%
Tom yum Tajlandia
50%
Kuszari Egipt
41%
Bacalhau Portugalia
40%
Bobotie Republika Południowej Afryki
35%
Nasi Lemak Malezja
21%
Ceviche Peru
21%
Adobo Filipiny
16%
Kibbeh Liban
8%
Nie znaleziono quizów pasujących do podanych kryteriów
Rozkład punktacji
Procent ludzi z każdym wynikiem
Percentyl według liczby udzielonych odpowiedzi
Twoja historia wyników
Nie rozwiązałeś tego quizu